APEC Schools

The Prince / (Record no. 3381)

000 -LEADER
fixed length control field 01023cam a22002653a 4500
005 - DATE AND TIME OF LATEST TRANSACTION
control field 20180509070530.0
008 - FIXED-LENGTH DATA ELEMENTS--GENERAL INFORMATION
fixed length control field 060211s2006||||xxu|||||s|||||000 | eng d
040 ## - CATALOGING SOURCE
Transcribing Agency APEC Schools Library
Description Conventions rda
041 ## - LANGUAGE CODE
Language code of text/sound track or separate title eng
100 1# - CREATOR
Preferred Name of the Person Machiavelli, Niccolò,
Dates Associated with the Person 1469-1527
245 14 - TITLE AND STATEMENT OF RESPONSIBILITY
Preferred Title Proper The Prince /
Statement of Responsibility/Parallel Statement of Responsibility Niccolò Machiavelli
336 ## - RDA CONTENT
Source rdacontent
Content Type text
337 ## - RDA MEDIA
Source rdamedia
Media Type computer
338 ## - RDA CARRIER
Source rdacarrier
Carrier Type online resource
505 0# - CONTENTS
Related Work = Contents The Prince -- Description of the methods adopted by the Duke Valentino when murdering Vitellozzo Vitelli, Oliverotto da Fermo, the Signor Pagolo, and the Duke di Gravina Orsini -- The life of Castruccio Castracani of Lucca.
506 ## - RESTRICTIONS ON ACCESS NOTE
Restriction on Access Note Public domain in the USA.
516 ## - TYPE OF COMPUTER FILE OR DATA NOTE
Type of computer file or data note Text
653 ## - INDEX TERM--UNCONTROLLED
Uncontrolled term Political ethics -- Early works to 1800
653 ## - INDEX TERM--UNCONTROLLED
Uncontrolled term State, The -- Early works to 1800
653 ## - INDEX TERM--UNCONTROLLED
Uncontrolled term Political science -- Philosophy -- Early works to 1800
655 ## - GENRE
Genre/form data or focus term electronic books
856 40 - ELECTRONIC LOCATION AND ACCESS
Uniform Resource Identifier https://goo.gl/U5kXUX
942 ## - ADDED ENTRY ELEMENTS (KOHA)
Source of Classification
Koha Item Type E-book/Online Resources
Holdings
Status Library Full Classification Number Uniform Resource Identifier Koha Item Type
Available Online APEC Chain of Schools Library APEC Chain https://goo.gl/U5kXUX E-book/Online Resources

Powered by Koha